000 01294nam a2200313 i 4500
003 EG-GICUC
005 20260121101411.0
008 251201s2011 ua ||||fr|||| 00| 0 ARA d
040 _a EG-GICUC
_bara
_c EG-GICUC
_d EG-GICUC
_erda
041 _aara
082 0 4 _221
_a343.3
_bم ح ,ش
092 0 4 _221
099 _alaw 1 10 343.3 م ح ,ش 2 ed 2011
100 0 _aمحمود نجيب حسني
_eمؤلف.
245 1 _aشرح قانون الإيجراءات الجنائية :
_bوفقا لأحداث التعديلات التشريعية /
_c .تنقيح الدكتورة فوزية عبد الستار ؛ تاليف الدكتور محمود نجيب حسني
_pالجزء الثاني
250 _aالطبعة الرابعة
264 _aالقاهرة :
_bدار النهضة العربية ،
_c2011.
300 _aصفحات 1707:
_c.24 سم
336 _2rda content
_atext
337 _2rda media
_aComputer
338 _2rda carrier
_aOnline Resource
650 1 _aالنظرية العامة لإثبات
_2qrmak
650 1 _aالإجراءات الجنائية
651 1 _2qrmak
710 0 _aتنقيح الدكتورة فوزية عبد الستار
856 4 0 _uhttps://fll.law.cu.edu.eg/fulltext/bks/B10-05721.pdf
905 _a5
942 _2ddc
_cBK
_e21
_n0
999 _c47678
_d47678